| 000 | 00473nam a2200169 4500 | ||
|---|---|---|---|
| 003 | CO-ViMGA | ||
| 020 | _a9789587710267 | ||
| 040 |
_aCO-ViMGA _bspa _cCO-ViMGA |
||
| 082 | 0 | 4 |
_a170 _bM17s |
| 100 | 1 |
_aMartínez Herrera, Horacio _99035 |
|
| 245 | 1 | 0 |
_aSer más feliz / _cHoracio Martínez Herrera. |
| 260 |
_aBogotá : _bEcoe Ediciones, _c2013. |
||
| 300 | _ap. | ||
| 490 | _a(Narrativa y poesía. Novela, cuento y poesía) | ||
| 650 | 1 | 4 |
_aFelicidad _96152 |
| 942 |
_2ddc _cBK |
||
| 999 |
_c37918 _d37918 |
||